Представление документа в формате RUSMARC

ПолеНазваниеЗначение
  Тип записи a
  Библиографический уровень m
001 Контрольный номер RU/CBS_UL/BASE/595095762
005 Дата корректировки 20240209174848.7
010 Индекс ISBN __
b Уточнения в пер.
d Цена 277 р. 00 к.
9 Тираж экз.
090 Данные записи __
a Состояние записи Р1
b Тип записи Книги
c Язык записи Русский
d Отрасль знаний (КСУ) Другая
e Секретность Несекретно
g Вид записи Монография (однотомник)
x Дата передачи записи для обработки Л50
100 Данные общей обработки __
a Данные общей обработки 20110425d2013 u u 1rusy ||||ca
101 Язык документа 0_
a Язык текста rus
105 Кодированные данные (монография) __
a Кодированные данные (монография) a z 000yy
200 Заглавие и сведения об ответственности 1_
a Заглавие Час воли Божией
e Сведения, относящиеся к заглавию легенды и сазки
f Первые сведения об ответственности Н. С. Лесков
g Последующие сведения об ответственности сост. А. Яковлев
210 Выходные данные 1_
a Место издания Москва
c Издательство Терра-Книжный клуб
d Дата издания 2004
215 Физическое описание __
a Объем 528 с.
225 Серия 0_
a Серия Русь православная
300 Общие примечания __
a Общие примечания Ограничения по возрасту - 12+
300 Общие примечания __
a Общие примечания Под инв. номером 133087: Ц-1
606 Тематические рубрики 0_
a Основная рубрика Русская литература, 19 в. - Проза
610 Ключевые слова 0_
a Ключевые слова литература русская
a Ключевые слова литература классическая
a Ключевые слова легенды
a Ключевые слова сказки
686 Индексы других классификаций __
a Классификационный индекс 84(2Рос=Рус)1
2 Код системы rubbk
700 Автор _1
a Фамилия Лесков
b Имя (инициалы) Николай Семенович
g Полное личное имя Н. С.
801 Источник записи _0
a Страна RU
b Организация МБУК ЦБС г. Ульяновска
c Дата составления 20110426
801 Источник записи _1
a Страна RU
b Организация МБУК ЦБС г. Ульяновска
c Дата составления 20110426
899 Данные о местонахождении __
3 Книга № 18387
a Местонахождение 24 ф
i Авторский знак Л 50
j Расстановочный фильтр Р1
d Название фонда Инв.книга №1
q Состояние Свободно
x Инвентарный номер 145775
901 Тип документа __
t Тип документа m
910 Корректоры записи __
a Корректор записи Мотина